The greatness guide : one of the world's top success coaches shares his secrets for personal and business mastery (Record no. 275166)
[ view plain ]
| 000 -LEADER | |
|---|---|
| fixed length control field | 00562nam a2200169Ia 4500 |
| 005 - DATE AND TIME OF LATEST TRANSACTION | |
| control field | 20241108105123.0 |
| 008 - FIXED-LENGTH DATA ELEMENTS--GENERAL INFORMATION | |
| fixed length control field | 240126s9999 xx 000 0 und d |
| 020 ## - INTERNATIONAL STANDARD BOOK NUMBER | |
| International Standard Book Number | 9788179928158 |
| 082 ## - DEWEY DECIMAL CLASSIFICATION NUMBER | |
| Classification number | 158.1 SHA;1 R |
| 100 ## - MAIN ENTRY--PERSONAL NAME | |
| Personal name | Sharma, Robin. |
| 245 #4 - TITLE STATEMENT | |
| Title | The greatness guide : one of the world's top success coaches shares his secrets for personal and business mastery |
| 260 ## - PUBLICATION, DISTRIBUTION, ETC. (IMPRINT) | |
| Name of publisher, distributor, etc. | Jaico Pub. |
| Place of publication, distribution, etc. | Mumbai |
| Date of publication, distribution, etc. | 2008 |
| 300 ## - PHYSICAL DESCRIPTION | |
| Extent | 221 |
| 440 ## - SERIES STATEMENT/ADDED ENTRY--TITLE | |
| Title | NULL |
| 650 ## - SUBJECT ADDED ENTRY--TOPICAL TERM | |
| Topical term or geographic name as entry element | greatness,world's,top,success,coaches,shares,his,secrets,personal,business,mastery |
| 942 ## - ADDED ENTRY ELEMENTS (KOHA) | |
| Koha item type | PESU Books |
| Date last seen | Total Checkouts | Total Renewals | Full call number | Accession number | Old discount | Volume/Issue Number | Date checked out | Price effective from | Category | Public note | Lost status | Damaged status | Department | Withdrawn status | Permanent Location | Current Location | Shelving location | Entry date | Grants | Currency symbol | Conversion rate | Discount | Discount type |
|---|---|---|---|---|---|---|---|---|---|---|---|---|---|---|---|---|---|---|---|---|---|---|---|
| 22/08/2024 | 4 | 1 | 158.1 SHA;1 R | PU3260 | (30/06/1905) | 20/08/2024 | 26/01/2024 | PESU Books | Donated by Dr.Anirban chakraborty | Central Library | Central Library | RFID Kiosk | Central Library | 08/05/2015 | DONATED | RS | 1 | Rupees |
